[Event "Agen 2017 - National Féminin"]
[Site "?"]
[Date "2017.08.22"]
[Round "4.3"]
[White "Malassagne, Isabelle"]
[Black "Haussernot, Cecile"]
[Result "0-1"]
[BlackElo "2077"]
[WhiteElo "2061"]
[LiveChessVersion "1.4.8"]

1. d4 {[%clk 1:30:57]} Nf6 {[%clk 1:30:53]} 2. Bg5 {[%clk 1:31:02]} d5
{[%clk 1:31:06]} 3. e3 {[%clk 1:31:03]} c5 {[%clk 1:30:05]} 4. Bxf6
{[%clk 1:31:18]} gxf6 {[%clk 1:30:08]} 5. Nc3 {[%clk 1:31:10]} Nc6
{[%clk 1:28:08]} 6. dxc5 {[%clk 1:30:50]} e6 {[%clk 1:25:32]} 7. Qh5
{[%clk 1:30:38]} f5 {[%clk 1:10:25]} 8. O-O-O {[%clk 1:22:00]} Qa5
{[%clk 0:54:48]} 9. Kb1 {[%clk 0:58:01]} Bg7 {[%clk 0:45:46]} 10. Nb5
{[%clk 0:49:45]} O-O {[%clk 0:45:52]} 11. g4 {[%clk 0:44:19]} Qb4
{[%clk 0:43:08]} 12. Nd4 {[%clk 0:35:21]} Nxd4 {[%clk 0:42:31]} 13. exd4
{[%clk 0:35:47]} Bxd4 {[%clk 0:40:59]} 14. Qg5+ {[%clk 0:36:11]} Bg7
{[%clk 0:40:08]} 15. Qc1 {[%clk 0:35:41]} fxg4 {[%clk 0:37:54]} 16. Bg2
{[%clk 0:33:15]} Qxc5 {[%clk 0:36:49]} 17. Qd2 {[%clk 0:31:20]} a5
{[%clk 0:32:00]} 18. h3 {[%clk 0:30:56]} Ra6 {[%clk 0:16:57]} 19. hxg4
{[%clk 0:29:09]} Rb6 {[%clk 0:16:47]} 20. b3 {[%clk 0:28:59]} a4 {[%clk 0:12:47]}
21. Nf3 {[%clk 0:27:51]} axb3 {[%clk 0:06:43]} 22. cxb3 {[%clk 0:26:45]} Qa3
{[%clk 0:06:51]} 23. Nd4 {[%clk 0:25:49]} Rb4 {[%clk 0:05:23]} 24. Qg5
{[%clk 0:17:55]} Bd7 {[%clk 0:03:13]} 25. Bxd5 {[%clk 0:10:07]} exd5
{[%clk 0:02:26]} 26. f4 {[%clk 0:10:30]} Ra8 {[%clk 0:02:24]} 27. Rh2
{[%clk 0:10:55]} h6 {[%clk 0:01:45]} 28. Qxd5 {[%clk 0:10:55]} Bxg4
{[%clk 0:01:37]} 29. Rdd2 {[%clk 0:07:32]} Rc8 {[%clk 0:01:21]} 30. Rh1
{[%clk 0:07:30]} Rxd4 {[%clk 0:01:05]} 31. Rxd4 {[%clk 0:07:43]} Bxd4
{[%clk 0:01:26]} 32. Qxd4 {[%clk 0:08:10]} 0-1

[Event "Agen 2017 - National Féminin"]
[Site "?"]
[Date "2017.08.22"]
[Round "4.4"]
[White "Navrotescu, Andreea"]
[Black "Safranska, Anda"]
[Result "1-0"]
[BlackElo "2224"]
[WhiteElo "2150"]
[LiveChessVersion "1.4.8"]

1. d4 {[%clk 1:30:57]} d6 {[%clk 1:30:56]} 2. e4 {[%clk 1:31:18]} g6
{[%clk 1:30:55]} 3. Nc3 {[%clk 1:31:23]} Bg7 {[%clk 1:31:17]} 4. Bg5
{[%clk 1:31:31]} c6 {[%clk 1:31:27]} 5. Qd2 {[%clk 1:31:38]} Qb6 {[%clk 1:31:11]}
6. O-O-O {[%clk 1:31:42]} Nd7 {[%clk 1:29:07]} 7. f4 {[%clk 1:31:05]} Nf8
{[%clk 1:28:12]} 8. Bh4 {[%clk 1:10:33]} Bg4 {[%clk 1:24:07]} 9. Be2
{[%clk 1:09:39]} Bxe2 {[%clk 1:24:11]} 10. Ngxe2 {[%clk 1:09:59]} O-O-O
{[%clk 1:23:57]} 11. Kb1 {[%clk 1:08:51]} Qc7 {[%clk 1:09:02]} 12. Qd3
{[%clk 1:03:43]} Nd7 {[%clk 1:04:27]} 13. Qf3 {[%clk 0:59:36]} Nb6
{[%clk 0:59:29]} 14. g4 {[%clk 0:45:46]} Nf6 {[%clk 0:50:49]} 15. e5
{[%clk 0:44:08]} Nfd5 {[%clk 0:50:25]} 16. Nxd5 {[%clk 0:41:25]} Nxd5
{[%clk 0:44:31]} 17. c4 {[%clk 0:41:23]} Nb4 {[%clk 0:44:39]} 18. Nc3
{[%clk 0:38:29]} Rde8 {[%clk 0:27:02]} 19. a3 {[%clk 0:36:12]} Na6
{[%clk 0:26:54]} 20. Ne4 {[%clk 0:30:57]} dxe5 {[%clk 0:16:49]} 21. fxe5
{[%clk 0:30:53]} Rhf8 {[%clk 0:12:37]} 22. Ng5 {[%clk 0:19:41]} c5
{[%clk 0:10:42]} 23. Nxh7 {[%clk 0:19:24]} cxd4 {[%clk 0:10:48]} 24. Nxf8
{[%clk 0:19:38]} Rxf8 {[%clk 0:11:03]} 25. Rxd4 {[%clk 0:18:45]} Qxe5
{[%clk 0:11:06]} 26. Rd2 {[%clk 0:18:18]} g5 {[%clk 0:08:19]} 27. Bg3
{[%clk 0:17:50]} Qf6 {[%clk 0:08:08]} 28. Qd5 {[%clk 0:16:38]} Qc6
{[%clk 0:08:22]} 29. Rhd1 {[%clk 0:15:55]} Qxd5 {[%clk 0:08:43]} 30. Rxd5
{[%clk 0:16:21]} Bf6 {[%clk 0:09:01]} 31. b4 {[%clk 0:15:52]} Nc7
{[%clk 0:08:54]} 32. Rc5 {[%clk 0:16:07]} 1-0

[Event "Agen 2017 - National Féminin"]
[Site "?"]
[Date "2017.08.22"]
[Round "4.5"]
[White "Roumegous, Marina"]
[Black "Leconte, Maria"]
[Result "0-1"]
[BlackElo "2208"]
[WhiteElo "2142"]
[LiveChessVersion "1.4.8"]

1. Nf3 {[%clk 1:30:58]} e6 {[%clk 1:23:48]} 2. b3 {[%clk 1:30:16]} d5
{[%clk 1:22:49]} 3. Bb2 {[%clk 1:30:10]} Nf6 {[%clk 1:19:05]} 4. e3
{[%clk 1:28:54]} b6 {[%clk 1:19:16]} 5. Be2 {[%clk 1:25:43]} Bb7 {[%clk 1:17:51]}
6. O-O {[%clk 1:24:57]} Nbd7 {[%clk 1:13:07]} 7. d3 {[%clk 1:20:46]} Bd6
{[%clk 1:03:47]} 8. Nbd2 {[%clk 1:12:04]} c5 {[%clk 1:01:23]} 9. c4
{[%clk 1:10:50]} O-O {[%clk 1:01:19]} 10. cxd5 {[%clk 1:10:04]} exd5
{[%clk 1:01:22]} 11. Re1 {[%clk 1:06:38]} Re8 {[%clk 0:59:19]} 12. Nf1
{[%clk 1:05:53]} Nf8 {[%clk 0:49:08]} 13. Rc1 {[%clk 1:04:53]} Ne6
{[%clk 0:48:49]} 14. Rc2 {[%clk 0:46:13]} d4 {[%clk 0:43:50]} 15. e4
{[%clk 0:33:16]} Nf4 {[%clk 0:43:43]} 16. Ng3 {[%clk 0:33:30]} Bc7
{[%clk 0:29:53]} 17. Bf1 {[%clk 0:32:11]} Ne6 {[%clk 0:28:10]} 18. a3
{[%clk 0:28:13]} a5 {[%clk 0:25:38]} 19. Qb1 {[%clk 0:23:14]} Bxg3
{[%clk 0:23:29]} 20. hxg3 {[%clk 0:23:35]} Ng4 {[%clk 0:22:49]} 21. Nh2
{[%clk 0:20:37]} Nxh2 {[%clk 0:20:28]} 22. Kxh2 {[%clk 0:21:03]} a4
{[%clk 0:19:16]} 23. Bc1 {[%clk 0:20:01]} axb3 {[%clk 0:18:43]} 24. Qxb3
{[%clk 0:20:26]} Bc6 {[%clk 0:18:22]} 25. Rb2 {[%clk 0:20:07]} b5
{[%clk 0:18:44]} 26. f4 {[%clk 0:18:52]} Qa5 {[%clk 0:11:21]} 27. Qd1
{[%clk 0:15:54]} Nf8 {[%clk 0:08:57]} 28. Rc2 {[%clk 0:15:31]} Nd7
{[%clk 0:08:56]} 29. Bb2 {[%clk 0:15:39]} b4 {[%clk 0:08:31]} 30. axb4
{[%clk 0:15:26]} Qxb4 {[%clk 0:08:57]} 31. Qc1 {[%clk 0:14:48]} Reb8
{[%clk 0:07:44]} 32. Qd2 {[%clk 0:10:39]} Qxd2 {[%clk 0:07:05]} 33. Rxd2
{[%clk 0:11:05]} Rb3 {[%clk 0:06:06]} 34. g4 {[%clk 0:09:42]} h6 {[%clk 0:05:24]}
35. g3 {[%clk 0:09:22]} Ra2 {[%clk 0:05:17]} 36. Ree2 {[%clk 0:08:12]} Bb5
{[%clk 0:03:57]} 37. Rf2 {[%clk 0:08:19]} Nf6 {[%clk 0:04:13]} 38. Kh3
{[%clk 0:08:28]} Nxe4 {[%clk 0:04:24]} 39. dxe4 {[%clk 0:08:17]} Bxf1+
{[%clk 0:04:51]} 40. Rxf1 {[%clk 0:32:43]} Rbxb2 {[%clk 0:35:12]} 41. Rxb2
{[%clk 0:33:01]} Rxb2 {[%clk 0:35:38]} 42. Rc1 {[%clk 0:33:22]} Rb5
{[%clk 0:35:04]} 43. Kg2 {[%clk 0:33:00]} Kf8 {[%clk 0:35:20]} 44. Kf3
{[%clk 0:33:21]} Ke7 {[%clk 0:33:25]} 45. e5 {[%clk 0:33:43]} Kd7
{[%clk 0:29:10]} 46. Ke4 {[%clk 0:33:32]} Kc6 {[%clk 0:29:33]} 47. Ra1
{[%clk 0:28:39]} Rb3 {[%clk 0:28:29]} 48. Ra6+ {[%clk 0:28:47]} Kb5
{[%clk 0:28:01]} 49. Ra7 {[%clk 0:28:09]} Kc4 {[%clk 0:28:19]} 50. Rxf7
{[%clk 0:27:54]} g6 {[%clk 0:28:27]} 0-1

[Event "Agen 2017 - Accession"]
[Site "?"]
[Date "2017.08.22"]
[Round "4.1"]
[White "Barbot, Pierre"]
[Black "Bellahcene, Bilel"]
[Result "1-0"]
[LiveChessVersion "1.4.8"]
[BlackElo "2481"]
[WhiteElo "2453"]

1. d4 {[%clk 1:30:55]} Nf6 {[%clk 1:30:57]} 2. c4 {[%clk 1:31:21]} e6
{[%clk 1:31:25]} 3. Nf3 {[%clk 8:11:47]} Bb4+ {[%clk 1:31:52]} 4. Nbd2
{[%clk 1:32:11]} b6 {[%clk 1:32:20]} 5. a3 {[%clk 1:32:34]} Bxd2+
{[%clk 1:32:48]} 6. Qxd2 {[%clk 1:32:56]} Bb7 {[%clk 1:33:15]} 7. e3
{[%clk 1:33:18]} Qe7 {[%clk 1:33:43]} 8. Be2 {[%clk 1:33:26]} g5 {[%clk 1:34:09]}
9. h3 {[%clk 1:30:15]} Rg8 {[%clk 1:33:58]} 10. Qc2 {[%clk 1:21:04]} d6
{[%clk 1:29:42]} 11. Bd2 {[%clk 1:16:43]} Nbd7 {[%clk 1:27:34]} 12. O-O-O
{[%clk 1:15:58]} h5 {[%clk 1:13:50]} 13. Bc3 {[%clk 1:12:38]} g4 {[%clk 1:13:25]}
14. hxg4 {[%clk 1:10:05]} hxg4 {[%clk 1:13:46]} 15. Nh4 {[%clk 1:06:09]} Ne4
{[%clk 1:05:48]} 16. Be1 {[%clk 1:06:28]} O-O-O {[%clk 1:06:16]} 17. d5
{[%clk 1:01:16]} Ndf6 {[%clk 1:05:22]} 18. Kb1 {[%clk 0:47:33]} Kb8
{[%clk 1:05:03]} 19. Rd4 {[%clk 0:43:29]} exd5 {[%clk 0:55:56]} 20. cxd5
{[%clk 0:43:36]} Bxd5 {[%clk 0:50:51]} 21. f3 {[%clk 0:44:01]} Nc5
{[%clk 0:47:47]} 22. b4 {[%clk 0:42:52]} Qxe3 {[%clk 0:44:47]} 23. Nf5
{[%clk 0:39:26]} Qe6 {[%clk 0:44:55]} 24. Rxd5 {[%clk 0:33:54]} Nxd5
{[%clk 0:32:56]} 25. Nd4 {[%clk 0:33:59]} Qf6 {[%clk 0:30:49]} 26. Nc6+
{[%clk 0:34:17]} Ka8 {[%clk 0:31:15]} 27. bxc5 {[%clk 0:34:22]} Rde8
{[%clk 0:20:51]} 28. cxb6 {[%clk 0:32:58]} cxb6 {[%clk 0:16:56]} 29. fxg4
{[%clk 0:31:11]} Re3 {[%clk 0:17:09]} 30. Nb4 {[%clk 0:27:35]} Nxb4
{[%clk 0:04:52]} 31. Bxb4 {[%clk 0:28:01]} Kb8 {[%clk 0:03:38]} 32. Rc1
{[%clk 0:24:46]} Qg6 {[%clk 0:01:05]} 33. Ba6 {[%clk 0:22:10]} Ree8
{[%clk 0:00:45]} 34. Bd3 {[%clk 0:22:19]} 1-0

[Event "Agen 2017 - Accession"]
[Site "?"]
[Date "2017.08.22"]
[Round "4.2"]
[White "Degraeve, Jean-Marc"]
[Black "Brochet, Philippe"]
[Result "1-0"]
[LiveChessVersion "1.4.8"]
[BlackElo "2417"]
[WhiteElo "2587"]

1. e4 {[%clk 1:27:38]} c5 {[%clk 1:29:39]} 2. Nc3 {[%clk 1:26:41]} Nc6
{[%clk 1:27:20]} 3. Bb5 {[%clk 1:26:43]} g6 {[%clk 1:26:26]} 4. Bxc6
{[%clk 1:27:01]} bxc6 {[%clk 1:26:50]} 5. d3 {[%clk 1:26:42]} d5 {[%clk 1:11:06]}
6. Nf3 {[%clk 1:24:09]} Bg7 {[%clk 1:09:58]} 7. O-O {[%clk 1:22:09]} Nf6
{[%clk 1:01:46]} 8. Re1 {[%clk 1:20:39]} O-O {[%clk 0:56:15]} 9. h3
{[%clk 1:13:52]} Rb8 {[%clk 0:51:03]} 10. Rb1 {[%clk 1:08:23]} Nxe4
{[%clk 0:39:23]} 11. Nxe4 {[%clk 1:06:51]} dxe4 {[%clk 0:39:14]} 12. Rxe4
{[%clk 1:06:59]} Be6 {[%clk 0:38:27]} 13. b3 {[%clk 1:04:28]} c4 {[%clk 0:37:43]}
14. Bf4 {[%clk 1:04:21]} cxb3 {[%clk 0:33:30]} 15. axb3 {[%clk 1:03:57]} Rb7
{[%clk 0:33:24]} 16. Be5 {[%clk 1:03:11]} Bd5 {[%clk 0:28:39]} 17. Bxg7
{[%clk 1:02:32]} Bxe4 {[%clk 0:28:14]} 18. Bxf8 {[%clk 1:02:57]} Bxf3
{[%clk 0:28:37]} 19. Qxf3 {[%clk 1:03:14]} Kxf8 {[%clk 0:28:51]} 20. Ra1
{[%clk 1:01:20]} Qd5 {[%clk 0:26:15]} 21. Qe3 {[%clk 1:01:17]} a5
{[%clk 0:26:21]} 22. Re1 {[%clk 0:46:24]} Kg7 {[%clk 0:22:28]} 23. Qe5+
{[%clk 0:35:04]} f6 {[%clk 0:20:30]} 24. Qc3 {[%clk 0:35:08]} e5 {[%clk 0:20:17]}
25. Re4 {[%clk 0:35:21]} Qb5 {[%clk 0:16:43]} 26. Rc4 {[%clk 0:34:45]} Rc7
{[%clk 0:15:33]} 27. Ra4 {[%clk 0:29:40]} Ra7 {[%clk 0:15:34]} 28. Qa1
{[%clk 0:28:49]} c5 {[%clk 0:15:04]} 29. Qc3 {[%clk 0:28:53]} g5 {[%clk 0:11:41]}
30. h4 {[%clk 0:27:24]} h6 {[%clk 0:11:50]} 31. Qe1 {[%clk 0:27:18]} Qb6
{[%clk 0:06:56]} 32. Rc4 {[%clk 0:25:29]} Qc6 {[%clk 0:06:44]} 33. Qc3
{[%clk 0:25:46]} a4 {[%clk 0:06:15]} 34. bxa4 {[%clk 0:25:45]} Rxa4
{[%clk 0:06:16]} 35. Rxc5 {[%clk 0:26:09]} Ra1+ {[%clk 0:05:37]} 36. Kh2
{[%clk 0:25:50]} Qa4 {[%clk 0:05:45]} 37. Rc4 {[%clk 0:25:22]} Qa3
{[%clk 0:04:28]} 38. Rc7+ {[%clk 0:22:55]} Kg6 {[%clk 0:04:53]} 39. Qc4
{[%clk 0:22:52]} Qc1 {[%clk 0:03:12]} 40. Qe4+ {[%clk 0:52:15]} f5
{[%clk 0:33:12]} 41. Rc6+ {[%clk 0:52:11]} Kh5 {[%clk 0:33:31]} 42. g4+
{[%clk 0:52:20]} 1-0

[Event "Agen 2017 - Accession"]
[Site "?"]
[Date "2017.08.22"]
[Round "4.3"]
[White "Pucher, Sebastien"]
[Black "Le Roux, Jean-Pierre"]
[Result "0-1"]
[LiveChessVersion "1.4.8"]
[BlackElo "2543"]
[WhiteElo "2360"]

1. Nf3 {[%clk 1:30:55]} Nf6 {[%clk 1:29:48]} 2. c4 {[%clk 1:31:08]} c5
{[%clk 1:29:43]} 3. g3 {[%clk 1:30:29]} d5 {[%clk 1:28:09]} 4. cxd5
{[%clk 1:30:25]} Nxd5 {[%clk 1:28:35]} 5. Bg2 {[%clk 1:30:09]} Nc6
{[%clk 1:29:00]} 6. Nc3 {[%clk 1:29:29]} Nc7 {[%clk 1:29:16]} 7. d3
{[%clk 1:29:07]} e5 {[%clk 1:29:19]} 8. Nd2 {[%clk 1:29:16]} Be7 {[%clk 1:28:45]}
9. Nc4 {[%clk 1:18:42]} f6 {[%clk 1:27:02]} 10. O-O {[%clk 1:16:17]} O-O
{[%clk 1:26:52]} 11. f4 {[%clk 1:06:43]} exf4 12. Bxf4 {[%clk 1:06:40]} Ne6
{[%clk 1:26:20]} 13. Bd2 {[%clk 1:03:50]} Re8 {[%clk 1:21:32]} 14. Ne3
{[%clk 0:40:45]} Ned4 {[%clk 1:12:11]} 15. Ned5 {[%clk 0:39:40]} Bg4
{[%clk 1:09:45]} 16. h3 {[%clk 0:29:47]} Bh5 {[%clk 1:08:35]} 17. g4
{[%clk 0:28:59]} Bg6 {[%clk 0:58:06]} 18. Rc1 {[%clk 0:05:52]} Rc8
{[%clk 0:56:28]} 19. Ne4 {[%clk 0:04:37]} b6 {[%clk 0:54:11]} 20. e3
{[%clk 0:04:42]} Ne6 {[%clk 0:54:08]} 21. Bc3 {[%clk 0:03:51]} Rf8
{[%clk 0:52:14]} 22. Ng3 {[%clk 0:00:32]} Bd6 {[%clk 0:48:24]} 23. Nf5
{[%clk 0:00:49]} Bxf5 {[%clk 0:46:37]} 24. gxf5 {[%clk 0:00:52]} Ng5
{[%clk 0:46:35]} 25. h4 {[%clk 0:00:32]} Nf7 {[%clk 0:46:51]} 26. Nf4
{[%clk 0:00:32]} Bxf4 {[%clk 0:45:47]} 27. Rxf4 {[%clk 0:01:01]} Qd6
{[%clk 0:45:43]} 28. Rc2 {[%clk 0:00:48]} Nfe5 {[%clk 0:25:18]} 29. Rd2
{[%clk 0:00:34]} Kh8 {[%clk 0:23:47]} 30. b3 {[%clk 0:00:59]} Qe7
{[%clk 0:19:25]} 31. Qe2 {[%clk 0:00:49]} Rfd8 {[%clk 0:09:53]} 32. d4
{[%clk 0:00:32]} Nd7 {[%clk 0:09:38]} 33. Re4 {[%clk 0:00:43]} Qf8
{[%clk 0:08:25]} 34. Re6 {[%clk 0:01:10]} Ne7 {[%clk 0:08:09]} 35. d5
{[%clk 0:00:32]} Nxf5 {[%clk 0:05:26]} 36. Qg4 {[%clk 0:00:31]} Nh6
{[%clk 0:05:24]} 37. Qf4 {[%clk 0:00:32]} b5 {[%clk 0:05:22]} 38. d6
{[%clk 0:00:33]} Nf7 {[%clk 0:02:46]} 39. Bh3 {[%clk 0:00:31]} b4
{[%clk 0:02:44]} 40. Bb2 {[%clk 0:30:45]} Rc6 {[%clk 0:30:38]} 41. Bf5
{[%clk 0:05:10]} Nde5 {[%clk 0:26:29]} 42. Bxh7 {[%clk 0:02:49]} Rcxd6
{[%clk 0:20:49]} 43. Rdxd6 {[%clk 0:03:02]} Rxd6 {[%clk 0:21:07]} 44. Rxd6
{[%clk 0:01:18]} Qxd6 {[%clk 0:21:25]} 45. Bxe5 {[%clk 0:01:21]} Qxe5
{[%clk 0:19:16]} 46. Bd3 {[%clk 0:01:22]} Qa1+ {[%clk 0:13:49]} 47. Bf1
{[%clk 0:00:34]} Ne5 {[%clk 0:11:37]} 48. Qf2 {[%clk 0:00:32]} Qd1
{[%clk 0:11:40]} 49. Qe2 {[%clk 0:00:32]} Qxe2 {[%clk 0:10:01]} 50. Bxe2
{[%clk 0:01:01]} g5 {[%clk 0:10:09]} 51. Kg2 {[%clk 0:00:40]} Kg7
{[%clk 0:10:18]} 52. hxg5 {[%clk 0:00:31]} fxg5 {[%clk 0:10:43]} 53. e4
{[%clk 0:00:32]} Kf6 {[%clk 0:10:42]} 54. Kf2 {[%clk 0:01:00]} Nf7
{[%clk 0:09:57]} 55. Ke3 {[%clk 0:00:41]} Ke5 {[%clk 0:10:16]} 56. Kd3
{[%clk 0:00:32]} Kd6 {[%clk 0:09:23]} 57. Bd1 {[%clk 0:00:31]} Ne5+
{[%clk 0:09:22]} 58. Ke3 {[%clk 0:00:56]} c4 {[%clk 0:06:39]} 59. bxc4
{[%clk 0:01:16]} Kc5 {[%clk 0:07:00]} 60. Bb3 {[%clk 0:00:32]} a5
{[%clk 0:07:11]} 61. Bc2 {[%clk 0:00:33]} Nxc4+ {[%clk 0:06:33]} 62. Kd3
{[%clk 0:00:47]} Ne5+ {[%clk 0:04:54]} 63. Ke3 {[%clk 0:01:08]} Kc4
{[%clk 0:05:18]} 64. Bd1 {[%clk 0:01:03]} Kc3 {[%clk 0:05:37]} 65. Ba4 Kd4+ 66.
Kxd4 0-1

[Event "Agen 2017 - Accession"]
[Site "?"]
[Date "2017.08.22"]
[Round "4.4"]
[White "Demuth, Adrien"]
[Black "Midoux, Sebastien"]
[Result "1-0"]
[LiveChessVersion "1.4.8"]
[BlackElo "2321"]
[WhiteElo "2540"]

1. Nf3 {[%clk 1:30:56]} d5 {[%clk 1:30:01]} 2. c4 {[%clk 1:31:04]} d4
{[%clk 1:29:40]} 3. b4 {[%clk 1:30:48]} g5 {[%clk 1:29:41]} 4. Bb2
{[%clk 1:13:00]} Bg7 {[%clk 1:24:28]} 5. Nxg5 {[%clk 1:08:09]} e5
{[%clk 1:21:12]} 6. Ne4 {[%clk 1:06:10]} f5 {[%clk 1:18:06]} 7. Nc5
{[%clk 1:05:45]} Nf6 {[%clk 1:00:10]} 8. e3 {[%clk 1:03:04]} O-O {[%clk 0:56:42]}
9. exd4 {[%clk 0:59:03]} exd4 {[%clk 0:56:42]} 10. Be2 {[%clk 0:55:24]} a5
{[%clk 0:49:36]} 11. O-O {[%clk 0:34:38]} axb4 {[%clk 0:45:58]} 12. a3
{[%clk 0:34:31]} b6 {[%clk 0:34:08]} 13. Nb3 {[%clk 0:28:03]} d3 {[%clk 0:23:13]}
14. Bf3 {[%clk 0:26:51]} Ne4 {[%clk 0:23:22]} 15. axb4 {[%clk 0:09:58]} Rxa1
{[%clk 0:23:03]} 16. Bxa1 {[%clk 0:10:26]} Bxa1 {[%clk 0:22:14]} 17. Nxa1
{[%clk 0:10:54]} Qd4 {[%clk 0:18:13]} 18. Nc3 {[%clk 0:09:07]} Nxc3
{[%clk 0:16:52]} 19. dxc3 {[%clk 0:09:35]} Qxc4 {[%clk 0:16:55]} 20. Qd2
{[%clk 0:09:36]} Be6 {[%clk 0:12:27]} 21. Rd1 {[%clk 0:07:17]} Nd7
{[%clk 0:10:29]} 22. Qxd3 {[%clk 0:06:44]} Qxd3 {[%clk 0:08:41]} 23. Rxd3
{[%clk 0:07:13]} Ne5 {[%clk 0:08:30]} 24. Re3 {[%clk 0:06:43]} Nxf3+
{[%clk 0:08:53]} 25. gxf3 {[%clk 0:06:31]} Kf7 {[%clk 0:09:04]} 26. f4
{[%clk 0:05:11]} Rg8+ {[%clk 0:06:32]} 27. Rg3 {[%clk 0:05:35]} Rd8
{[%clk 0:06:58]} 28. Nc2 {[%clk 0:05:57]} c5 {[%clk 0:07:20]} 29. bxc5
{[%clk 0:05:45]} bxc5 {[%clk 0:07:49]} 30. Re3 {[%clk 0:04:55]} Rg8+
{[%clk 0:07:19]} 31. Rg3 {[%clk 0:05:23]} Rd8 {[%clk 0:07:42]} 32. Ne1
{[%clk 0:04:28]} Rd1 {[%clk 0:03:54]} 33. Re3 {[%clk 0:04:55]} Kf6
{[%clk 0:02:49]} 34. Kg2 {[%clk 0:04:41]} Bd5+ {[%clk 0:03:12]} 35. Kg3
{[%clk 0:03:48]} Be4 {[%clk 0:03:00]} 36. f3 {[%clk 4:05:05]} Bb1
{[%clk 0:03:09]} 37. Ng2 {[%clk 0:03:31]} Rd2 {[%clk 0:01:29]} 38. Re5
{[%clk 0:03:28]} c4 {[%clk 0:01:34]} 39. Ne3 {[%clk 0:02:55]} Bd3
{[%clk 0:01:59]} 40. Rc5 {[%clk 0:32:56]} Re2 {[%clk 0:30:34]} 41. Rc6+
{[%clk 0:28:54]} Kg7 {[%clk 0:21:02]} 42. Nxc4 {[%clk 0:28:43]} Bxc4
{[%clk 0:20:27]} 43. Rxc4 {[%clk 0:28:50]} Rc2 {[%clk 0:20:55]} 44. Rc6
{[%clk 0:26:07]} h6 {[%clk 0:21:17]} 45. c4 {[%clk 0:23:04]} Rc3 {[%clk 0:19:30]}
46. h4 {[%clk 0:21:37]} Rc2 {[%clk 0:19:45]} 47. h5 {[%clk 0:20:36]} Kh7
{[%clk 0:18:37]} 48. c5 {[%clk 0:20:49]} Rc4 {[%clk 0:11:47]} 49. Kf2
{[%clk 0:18:58]} Rxf4 {[%clk 0:10:16]} 50. Rd6 {[%clk 0:19:03]} 1-0

[Event "Agen 2017 - Vétérans"]
[Site "?"]
[Date "2017.08.22"]
[Round "4.1"]
[White "Prie, Eric"]
[Black "Goldenberg, Richard"]
[Result "1-0"]
[LiveChessVersion "1.4.8"]
[BlackElo "2216"]
[WhiteElo "2481"]

1. e4 {[%clk 1:30:54]} c5 {[%clk 1:29:48]} 2. Nf3 {[%clk 1:31:14]} g6
{[%clk 1:29:51]} 3. d4 {[%clk 1:30:01]} Bg7 {[%clk 1:29:06]} 4. c4 cxd4
{[%clk 1:25:49]} 5. Nxd4 {[%clk 1:27:25]} Nc6 {[%clk 1:26:00]} 6. Be3
{[%clk 1:27:17]} Nf6 {[%clk 1:25:56]} 7. Nc3 {[%clk 1:27:35]} Ng4
{[%clk 1:25:32]} 8. Qxg4 {[%clk 1:27:56]} Nxd4 {[%clk 1:25:58]} 9. Qd1
{[%clk 1:28:20]} Ne6 {[%clk 1:26:21]} 10. Rc1 {[%clk 1:28:01]} O-O
{[%clk 1:26:12]} 11. Bd3 {[%clk 1:26:07]} b6 {[%clk 1:24:51]} 12. O-O
{[%clk 1:24:57]} Bb7 {[%clk 1:25:06]} 13. b4 {[%clk 1:20:57]} a5 {[%clk 1:10:37]}
14. a3 {[%clk 1:20:53]} axb4 {[%clk 1:07:51]} 15. axb4 {[%clk 1:21:15]} Ra3
{[%clk 0:48:06]} 16. Nd5 {[%clk 1:19:32]} Nd4 {[%clk 0:33:30]} 17. Bg5
{[%clk 1:04:11]} f6 {[%clk 0:23:42]} 18. Be3 {[%clk 1:04:06]} f5 {[%clk 0:22:36]}
19. Bg5 {[%clk 0:48:09]} Bxd5 {[%clk 0:20:11]} 20. exd5 {[%clk 0:48:22]} h6
{[%clk 0:16:37]} 21. Be3 {[%clk 0:48:39]} e5 {[%clk 0:14:16]} 22. c5
{[%clk 0:41:20]} bxc5 {[%clk 0:14:29]} 23. bxc5 {[%clk 0:41:41]} Qh4
{[%clk 0:14:57]} 24. g3 {[%clk 0:35:43]} Qh3 {[%clk 0:12:11]} 25. Bxd4
{[%clk 0:34:24]} exd4 {[%clk 0:12:13]} 26. f4 {[%clk 0:33:26]} Re8
{[%clk 0:10:21]} 27. c6 {[%clk 0:29:51]} Re3 {[%clk 0:07:41]} 28. Rf3
{[%clk 0:29:26]} Ra2 {[%clk 0:05:06]} 29. Rc2 {[%clk 0:28:59]} Rxc2
{[%clk 0:04:44]} 30. Qxc2 {[%clk 0:27:55]} Rxf3 {[%clk 0:02:15]} 31. c7
{[%clk 0:28:07]} Rxg3+ {[%clk 0:01:52]} 32. hxg3 {[%clk 0:27:51]} Qxg3+
{[%clk 0:02:21]} 33. Kh1 {[%clk 0:23:33]} Qf3+ {[%clk 0:01:20]} 34. Qg2
{[%clk 0:21:06]} Qd1+ {[%clk 0:01:48]} 35. Bf1 {[%clk 0:15:17]} Qc1
{[%clk 0:01:56]} 36. d6 {[%clk 0:15:39]} Kh7 {[%clk 0:01:40]} 37. Qe2
{[%clk 0:14:19]} Qc6+ {[%clk 0:00:31]} 38. Kg1 {[%clk 0:08:49]} d3
{[%clk 0:00:49]} 39. Qxd3 {[%clk 0:09:13]} Qc5+ {[%clk 0:00:38]} 40. Kg2
{[%clk 0:37:18]} Qc6+ {[%clk 0:31:02]} 41. Kh2 {[%clk 0:37:23]} Bf8
{[%clk 0:27:01]} 42. Qc4 {[%clk 0:37:02]} Qf3 {[%clk 0:26:29]} 43. c8=Q
{[%clk 0:35:36]} 1-0

[Event "Agen 2017 - Vétérans"]
[Site "?"]
[Date "2017.08.22"]
[Round "4.2"]
[White "Saucey, Michel"]
[Black "Vareille, Francois"]
[Result "1/2-1/2"]
[LiveChessVersion "1.4.8"]
[BlackElo "2424"]
[WhiteElo "2292"]

1. d4 {[%clk 1:30:58]} Nf6 {[%clk 1:30:08]} 2. c4 {[%clk 1:31:21]} g6
{[%clk 1:30:20]} 3. Nc3 {[%clk 1:31:43]} d5 {[%clk 1:30:40]} 4. Bf4
{[%clk 1:32:05]} Bg7 {[%clk 1:31:03]} 5. e3 {[%clk 1:32:07]} O-O {[%clk 1:30:21]}
6. Rc1 {[%clk 1:31:39]} Be6 {[%clk 1:27:55]} 7. Qb3 {[%clk 1:30:21]} c5
{[%clk 1:22:23]} 8. Qxb7 {[%clk 1:27:40]} Qb6 {[%clk 1:17:52]} 9. Qxb6
{[%clk 1:27:53]} axb6 {[%clk 1:18:20]} 10. Nf3 {[%clk 1:25:33]} dxc4
{[%clk 1:05:28]} 11. dxc5 {[%clk 1:12:25]} Nd5 {[%clk 1:01:04]} 12. Nxd5
{[%clk 1:06:22]} Bxd5 {[%clk 0:59:15]} 13. Bxc4 {[%clk 1:06:46]} Bxc4
{[%clk 0:57:38]} 14. Rxc4 {[%clk 1:07:11]} Rxa2 {[%clk 0:56:23]} 15. O-O
{[%clk 1:04:57]} bxc5 {[%clk 0:56:14]} 16. Rxc5 {[%clk 1:03:28]} Rxb2
{[%clk 0:53:41]} 17. h3 {[%clk 1:01:58]} f6 {[%clk 0:51:55]} 18. Bxb8
{[%clk 0:50:18]} Rfxb8 {[%clk 0:49:19]} 19. Rfc1 {[%clk 0:49:11]} Kf7
{[%clk 0:49:31]} 20. R5c2 {[%clk 0:49:15]} Rxc2 {[%clk 0:49:37]} 21. Rxc2
{[%clk 0:49:41]} Rb7 {[%clk 0:49:57]} 22. g4 {[%clk 0:49:49]} Bf8
{[%clk 0:50:16]} 23. Kg2 {[%clk 0:50:01]} Bg7 {[%clk 0:50:37]} 24. Kg1
{[%clk 0:50:26]} Bf8 {[%clk 0:51:01]} 25. Kg2 {[%clk 0:50:51]} Bg7
{[%clk 0:51:24]} 1/2-1/2